Exponovaní

Bibliographic Details
Main Author: -L. (Author)
Format: Article
Language:Slovak

MARC

LEADER 00000nab a2200000 a 4500
001 vtls010706825
003 SK-MaSNL
005 20260304190300.0
008 250709s xo |||||||||||||||||slo|
035 |a (urnnbn)urn:nbn:sk:snk:ar-a041iw 
035 |a (uuid)765ec7ce-3646-452c-8e4f-df748d707f32 
035 |a urn:nbn:sk:snk-ab3b1x 
040 |a SNKBUCL  |b slo  |c SNKBUCL  |e AACR2 
041 0 |a slo 
044 |a xo  |c SK 
100 1 |a -L.  |4 aut  |9 876863 
245 1 0 |a Exponovaní  |c -L. 
773 0 |t Národná škola slovenská : orgán Slovenskej obce učiteľskej  |g Roč. 8, č. 2 (1929-1930), s. 24-25 
850 |a Slovenská národná knižnica 
852 |a Slovenská národná knižnica 
954 |a odborná, vedecká literatúra pôvodná (slovenská)  |2 lita 
958 |a article1 
958 |a OND 
958 |a EUIPO 
999 |c 3049721  |d 3051651